| 000 | 00521nam a2200181Ia 4500 | ||
|---|---|---|---|
| 001 | 13932 | ||
| 003 | GE_BSU | ||
| 008 | 181216s||||||||xx |||||||||||||| ||und|| | ||
| 040 | _cGE_BSU | ||
| 245 | _aНовая и новейшая история. №6. 2014. Ноябрь-декабрь | ||
| 245 | _cГл.ред. Согрин В.В. и др. | ||
| 260 | _aМосква | ||
| 260 | _bНаука | ||
| 260 | _c2014 | ||
| 300 | _a224стр.24см. | ||
| 653 | _aНовая и новейшая история | ||
| 942 | _cCR | ||
| 999 |
_c47075 _d47075 |
||